Top 10 populous cities in Australia - Statistics

General Stats
  • This quiz has been taken 30 times
  • The average score is 6 of 10
Answer Stats
Population Answer % Correct
4,627,345 Sydney
100%
1,896,548 Perth
96%
4,246,375 Melbourne
92%
1,225,235 Adelaide
83%
2,189,878 Brisbane
79%
367,752 Canberra
67%
591,473 Gold Coast
50%
308,308 Newcastle
38%
292,190 Wollongong
38%
282,673 Logan City
0%
No matching quizzes found
Score Distribution
Percent of People with Each Score
Percentile by Number Answered
Your Score History
You have not taken this quiz